[Event "WYCC Girls 12"]
[Site "Porto Carras"]
[Date "2015.10.31"]
[Round "6.4"]
[White "Beydullayeva, Govhar"]
[Black "Mahdian, Anousha"]
[Result "1/2-1/2"]
[BlackElo "1757"]
[WhiteElo "1831"]
[LiveChessVersion "1.4.6"]

1. d4 {[%clk 1:30:57]} d5 {[%clk 1:30:56]} 2. c4 {[%clk 1:31:11]} c6
{[%clk 1:31:20]} 3. Nf3 {[%clk 1:30:53]} Nf6 {[%clk 1:31:44]} 4. e3
{[%clk 1:31:07]} e6 {[%clk 1:32:08]} 5. Nc3 {[%clk 1:31:03]} a6 {[%clk 1:32:32]}
6. Qc2 {[%clk 1:19:04]} c5 {[%clk 1:32:36]} 7. cxd5 {[%clk 1:12:41]} exd5
{[%clk 1:32:45]} 8. Be2 {[%clk 1:10:37]} Nc6 {[%clk 1:32:34]} 9. dxc5
{[%clk 0:54:17]} Bxc5 {[%clk 1:32:53]} 10. O-O {[%clk 0:50:46]} Be6
{[%clk 1:32:54]} 11. a3 {[%clk 0:47:03]} O-O {[%clk 1:24:13]} 12. b4
{[%clk 0:39:56]} Bd6 {[%clk 1:00:59]} 13. Rd1 {[%clk 0:37:03]} Qe7
{[%clk 0:41:34]} 14. Bb2 {[%clk 0:36:23]} Rfc8 {[%clk 0:32:01]} 15. Rac1
{[%clk 0:19:49]} Ne5 {[%clk 0:09:51]} 16. Nxe5 {[%clk 0:14:43]} Bxe5
{[%clk 0:10:01]} 17. Bf3 {[%clk 0:08:42]} Rd8 {[%clk 0:03:20]} 18. Na4
{[%clk 0:05:40]} Rac8 {[%clk 0:03:08]} 19. Qe2 {[%clk 0:04:09]} Bxb2
{[%clk 0:02:53]} 20. Qxb2 {[%clk 0:04:07]} Rxc1 {[%clk 0:02:33]} 21. Rxc1
{[%clk 0:03:55]} Ne4 {[%clk 0:01:45]} 22. Qd4 {[%clk 0:02:03]} Qf6
{[%clk 0:01:23]} 23. Qxf6 {[%clk 0:01:38]} Nxf6 {[%clk 0:01:45]} 24. Rc7
{[%clk 0:01:01]} Rc8 {[%clk 0:01:43]} 25. Rxc8+ {[%clk 0:01:03]} Bxc8
{[%clk 0:02:08]} 26. Nc5 {[%clk 0:00:42]} b6 {[%clk 0:02:00]} 27. Na4
{[%clk 0:01:06]} b5 {[%clk 0:02:10]} 28. Nc5 {[%clk 0:00:51]} Kf8
{[%clk 0:02:29]} 29. Kf1 {[%clk 0:00:49]} Ke7 {[%clk 0:02:17]} 30. Ke2
{[%clk 0:00:50]} Kd6 {[%clk 0:01:47]} 31. Kd3 {[%clk 0:00:49]} a5
{[%clk 0:00:58]} 32. Kd4 {[%clk 0:00:42]} axb4 {[%clk 0:01:23]} 33. axb4
{[%clk 0:01:10]} Bg4 {[%clk 0:01:11]} 34. Nb7+ {[%clk 0:00:43]} Kc7
{[%clk 0:01:29]} 35. Nc5 {[%clk 0:00:42]} Kd6 {[%clk 0:01:13]} 36. Nd3
{[%clk 0:00:46]} Bxf3 {[%clk 0:01:03]} 37. gxf3 {[%clk 0:01:14]} Nd7
{[%clk 0:01:23]} 38. f4 {[%clk 0:01:04]} f6 {[%clk 0:01:25]} 39. f3
{[%clk 0:01:08]} Nb8 {[%clk 0:00:50]} 40. Ne1 {[%clk 0:30:52]} Nc6+
{[%clk 0:31:08]} 41. Kc3 {[%clk 0:31:18]} Nd8 {[%clk 0:18:39]} 42. Nc2
{[%clk 0:29:36]} Kc6 {[%clk 0:14:36]} 43. Nd4+ {[%clk 0:29:44]} Kb6
{[%clk 0:15:02]} 44. Nf5 {[%clk 0:29:36]} Ne6 {[%clk 0:14:50]} 45. Ne7
{[%clk 0:12:28]} d4+ {[%clk 0:13:19]} 46. exd4 {[%clk 0:11:42]} Nxf4
{[%clk 0:13:44]} 47. d5 {[%clk 0:10:18]} Kc7 {[%clk 0:11:31]} 48. Kd4
{[%clk 0:09:51]} Kd7 {[%clk 0:11:53]} 49. Nf5 {[%clk 0:06:45]} g6
{[%clk 0:10:24]} 50. Ng3 {[%clk 0:07:01]} f5 {[%clk 0:09:51]} 51. Kc5
{[%clk 0:06:57]} Nd3+ {[%clk 0:09:22]} 52. Kxb5 {[%clk 0:06:50]} Kd6
{[%clk 0:09:44]} 53. Ka5 {[%clk 0:06:02]} Kxd5 {[%clk 0:09:34]} 54. b5
{[%clk 0:06:19]} Ne5 {[%clk 0:03:44]} 55. f4 {[%clk 0:03:53]} Nd7
{[%clk 0:03:31]} 56. Ka6 {[%clk 0:02:31]} Kc5 {[%clk 0:03:09]} 57. Ne2
{[%clk 0:02:29]} Nb8+ {[%clk 0:02:45]} 58. Ka5 {[%clk 0:02:40]} Nd7
{[%clk 0:02:30]} 59. Nc1 {[%clk 0:01:40]} Kc4 {[%clk 0:01:34]} 60. Ne2
{[%clk 0:00:54]} Kc5 {[%clk 0:01:06]} 61. h4 {[%clk 0:01:09]} Kc4
{[%clk 0:00:50]} 62. Ka6 {[%clk 0:00:54]} Kd3 {[%clk 0:01:02]} 63. Nc1+
{[%clk 0:00:44]} Kc2 {[%clk 0:01:07]} 64. Na2 {[%clk 0:00:51]} Kd3
{[%clk 0:01:09]} 65. Nb4+ {[%clk 0:00:56]} Kc4 {[%clk 0:00:41]} 66. Nc6
{[%clk 0:01:11]} Kc5 {[%clk 0:00:36]} 67. Ne7 {[%clk 0:00:54]} Kd6
{[%clk 0:00:33]} 68. Nc6 {[%clk 0:00:56]} Kc5 {[%clk 0:00:58]} 69. Na7
{[%clk 0:01:00]} Nb6 {[%clk 0:00:49]} 70. Ka5 {[%clk 0:00:36]} Nc4+
{[%clk 0:00:57]} 71. Ka6 {[%clk 0:00:56]} Nb6 {[%clk 0:01:24]} 72. Nc6
{[%clk 0:01:11]} Nd7 {[%clk 0:01:41]} 73. Nd8 {[%clk 0:00:50]} Kd6
{[%clk 0:00:49]} 74. b6 {[%clk 0:00:37]} Nxb6 {[%clk 0:01:02]} 75. Kxb6
{[%clk 0:01:03]} Kd5 {[%clk 0:01:28]} 76. Kb5 {[%clk 0:00:46]} Ke4
{[%clk 0:01:49]} 77. Ne6 {[%clk 0:00:48]} Kf3 {[%clk 0:01:42]} 78. Kc4
{[%clk 0:00:57]} Kg4 {[%clk 0:02:05]} 79. Kd3 {[%clk 0:01:04]} Kxh4
{[%clk 0:02:30]} 80. Ke2 {[%clk 0:01:22]} Kg3 {[%clk 0:01:41]} 81. Kf1
{[%clk 0:01:33]} h6 {[%clk 0:01:36]} 82. Kg1 {[%clk 0:01:36]} Kf3
{[%clk 0:01:02]} 83. Kh2 {[%clk 0:01:33]} Kg4 {[%clk 0:00:59]} 84. Kg2
{[%clk 0:01:55]} g5 {[%clk 0:01:04]} 85. fxg5 {[%clk 0:02:18]} hxg5
{[%clk 0:01:29]} 86. Nxg5 {[%clk 0:01:56]} Kxg5 {[%clk 0:01:55]} 87. Kf3
{[%clk 0:02:24]} f4 {[%clk 0:02:18]} 88. Kf2 {[%clk 0:02:43]} Kg4
{[%clk 0:02:45]} 89. Kg2 {[%clk 0:03:08]} f3+ {[%clk 0:03:12]} 90. Kf2
{[%clk 0:03:28]} Kf4 {[%clk 0:03:39]} 91. Kf1 {[%clk 0:03:24]} Kg3
{[%clk 0:04:01]} 92. Kg1 {[%clk 0:03:51]} f2+ {[%clk 0:04:26]} 93. Kf1
{[%clk 0:04:19]} Kf3 {[%clk 0:04:53]} 1/2-1/2

[Event "WYCC Girls 12"]
[Site "Porto Carras"]
[Date "2015.10.31"]
[Round "6.5"]
[White "Tan, Huynh Thanh Truc"]
[Black "Hercog, Nusa"]
[Result "1-0"]
[BlackElo "1790"]
[WhiteElo "1676"]
[LiveChessVersion "1.4.6"]

1. e4 {[%clk 1:29:05]} c5 {[%clk 1:30:45]} 2. Nf3 {[%clk 1:28:26]} e6
{[%clk 1:30:46]} 3. g3 {[%clk 1:27:39]} Nc6 {[%clk 1:29:48]} 4. Bg2
{[%clk 1:27:13]} g6 {[%clk 1:26:04]} 5. d4 {[%clk 1:08:22]} cxd4 {[%clk 1:25:06]}
6. Nxd4 {[%clk 1:08:37]} a6 {[%clk 1:21:04]} 7. c4 {[%clk 1:06:22]} Bg7
{[%clk 1:13:01]} 8. Be3 {[%clk 1:05:09]} Nge7 {[%clk 1:09:24]} 9. Nc3
{[%clk 1:04:42]} O-O {[%clk 1:07:45]} 10. O-O {[%clk 0:59:23]} d6
{[%clk 1:04:22]} 11. Qd2 {[%clk 0:51:50]} Qc7 {[%clk 1:01:36]} 12. b3
{[%clk 0:51:25]} Rd8 {[%clk 0:53:05]} 13. Rad1 {[%clk 0:46:40]} Rb8
{[%clk 0:50:15]} 14. a4 {[%clk 0:36:22]} b6 {[%clk 0:45:19]} 15. Nde2
{[%clk 0:30:39]} Bb7 {[%clk 0:42:40]} 16. Qc1 {[%clk 0:27:54]} Rd7
{[%clk 0:37:02]} 17. Rd2 {[%clk 0:27:43]} Rbd8 {[%clk 0:36:18]} 18. Rfd1
{[%clk 0:27:51]} Kh8 {[%clk 0:34:05]} 19. Qa3 {[%clk 0:24:52]} Nc8
{[%clk 0:31:58]} 20. Bg5 {[%clk 0:21:01]} Re8 {[%clk 0:29:44]} 21. Bf4
{[%clk 0:19:03]} Ne5 {[%clk 0:28:52]} 22. Qa2 {[%clk 0:14:42]} Qc5
{[%clk 0:26:16]} 23. Be3 {[%clk 0:14:28]} Qc7 {[%clk 0:25:47]} 24. Bd4
{[%clk 0:14:36]} f5 {[%clk 0:22:46]} 25. f3 {[%clk 0:11:39]} Ne7 {[%clk 0:19:31]}
26. Bf2 {[%clk 0:07:56]} N7c6 {[%clk 0:18:46]} 27. Nd4 {[%clk 0:06:58]} Nxd4
{[%clk 0:16:36]} 28. Bxd4 {[%clk 0:07:16]} Rf8 {[%clk 0:15:29]} 29. Rf2
{[%clk 0:04:15]} Rdf7 {[%clk 0:13:28]} 30. Qd2 {[%clk 0:04:02]} Rd7
{[%clk 0:10:54]} 31. Qe3 {[%clk 0:04:08]} fxe4 {[%clk 0:09:38]} 32. fxe4
{[%clk 0:03:08]} Rxf2 {[%clk 0:09:11]} 33. Qxf2 {[%clk 0:03:32]} Rf7
{[%clk 0:09:06]} 34. Qe3 {[%clk 0:03:08]} Kg8 {[%clk 0:06:33]} 35. h3
{[%clk 0:02:01]} Nd7 {[%clk 0:04:17]} 36. Bxg7 {[%clk 0:01:58]} Rxg7
{[%clk 0:04:16]} 37. Ne2 {[%clk 0:00:55]} e5 {[%clk 0:02:13]} 38. Nc3
{[%clk 0:01:01]} Nf6 {[%clk 0:01:41]} 39. Kh2 {[%clk 0:01:00]} Rf7
{[%clk 0:01:21]} 40. Nd5 {[%clk 0:30:57]} Bxd5 {[%clk 0:31:04]} 41. cxd5
{[%clk 0:30:20]} Qc5 {[%clk 0:28:21]} 42. Qd2 {[%clk 0:17:30]} Nxe4
{[%clk 0:25:51]} 43. Qe1 {[%clk 0:16:19]} Ng5 {[%clk 0:20:53]} 44. Rc1
{[%clk 0:14:17]} Qd4 {[%clk 0:20:35]} 45. Qc3 {[%clk 0:10:53]} Qc5
{[%clk 0:16:51]} 46. Qd2 {[%clk 0:08:47]} Ne4 {[%clk 0:15:15]} 47. Qe1
{[%clk 0:07:07]} Qxd5 {[%clk 0:12:28]} 48. Bxe4 {[%clk 0:05:14]} Qxb3
{[%clk 0:12:42]} 49. Qd2 {[%clk 0:05:14]} Qxa4 {[%clk 0:08:52]} 50. Bd5
{[%clk 0:05:34]} b5 {[%clk 0:09:07]} 51. Bxf7+ {[%clk 0:05:58]} Kxf7
{[%clk 0:09:35]} 52. Qxd6 {[%clk 0:06:04]} Qa2+ {[%clk 0:09:41]} 53. Kh1
{[%clk 0:06:25]} Qe6 {[%clk 0:09:45]} 54. Rc7+ {[%clk 0:05:25]} Kf6
{[%clk 0:10:08]} 55. Rc6 {[%clk 0:05:12]} Qxd6 {[%clk 0:10:19]} 56. Rxd6+
{[%clk 0:05:38]} Kf5 {[%clk 0:10:41]} 57. Rxa6 {[%clk 0:06:00]} e4
{[%clk 0:11:05]} 58. Ra5 {[%clk 0:05:45]} e3 {[%clk 0:11:23]} 59. Rxb5+
{[%clk 0:05:15]} Ke4 {[%clk 0:11:48]} 60. Kg2 {[%clk 0:05:32]} Kd3
{[%clk 0:12:07]} 61. Kf3 {[%clk 0:04:57]} 1-0

[Event "WYCC Girls 12"]
[Site "Porto Carras"]
[Date "2015.10.31"]
[Round "6.6"]
[White "Hovhannisyan, Mane"]
[Black "Asadi, Motahare"]
[Result "0-1"]
[BlackElo "1780"]
[WhiteElo "1590"]
[LiveChessVersion "1.4.6"]

1. e4 {[%clk 1:30:58]} d6 {[%clk 1:30:25]} 2. Nf3 {[%clk 1:30:23]} Nf6
{[%clk 1:30:39]} 3. Nc3 g6 {[%clk 1:30:57]} 4. d4 {[%clk 1:29:02]} Bg7
{[%clk 1:31:07]} 5. h3 {[%clk 1:26:34]} O-O {[%clk 1:31:24]} 6. Be3
{[%clk 1:26:49]} c6 {[%clk 1:31:43]} 7. Bd3 {[%clk 1:25:57]} b5 {[%clk 1:31:49]}
8. a3 {[%clk 1:25:24]} Na6 9. O-O {[%clk 1:21:21]} Rb8 {[%clk 1:15:28]} 10. Qe2
{[%clk 1:07:00]} Qc7 {[%clk 0:47:50]} 11. a4 {[%clk 1:04:03]} b4 {[%clk 0:43:06]}
12. Nd1 {[%clk 0:54:39]} Qb7 {[%clk 0:30:50]} 13. Nd2 {[%clk 0:39:07]} c5
{[%clk 0:27:50]} 14. d5 {[%clk 0:37:23]} e6 {[%clk 0:25:31]} 15. Nc4
{[%clk 0:36:07]} Ne8 {[%clk 0:17:54]} 16. Na5 {[%clk 0:35:27]} Qc7
{[%clk 0:17:53]} 17. Nc6 {[%clk 0:35:50]} Rb6 {[%clk 0:16:35]} 18. a5
{[%clk 0:35:44]} Rxc6 {[%clk 0:16:46]} 19. dxc6 {[%clk 0:36:10]} Qxc6
{[%clk 0:17:09]} 20. Bg5 {[%clk 0:26:45]} Nec7 {[%clk 0:16:59]} 21. f4
{[%clk 0:24:15]} Re8 {[%clk 0:11:34]} 22. Kh1 {[%clk 0:18:14]} d5
{[%clk 0:10:42]} 23. c4 {[%clk 0:15:11]} Bb7 {[%clk 0:09:19]} 24. Nf2
{[%clk 0:14:12]} f5 {[%clk 0:08:27]} 25. cxd5 {[%clk 0:09:13]} exd5
{[%clk 0:08:49]} 26. e5 {[%clk 0:09:29]} c4 {[%clk 0:09:12]} 27. Bb1
{[%clk 0:07:54]} Ne6 {[%clk 0:08:54]} 28. Rg1 {[%clk 0:02:08]} Nxg5
{[%clk 0:07:18]} 29. fxg5 {[%clk 0:02:37]} Rxe5 {[%clk 0:07:36]} 30. Qf3
{[%clk 0:01:55]} d4 {[%clk 0:07:51]} 31. Qf4 {[%clk 0:01:51]} Re1
{[%clk 0:07:57]} 32. Be4 {[%clk 0:01:17]} Rxg1+ {[%clk 0:08:16]} 33. Rxg1
{[%clk 0:01:44]} fxe4 {[%clk 0:08:37]} 34. h4 {[%clk 0:02:00]} e3
{[%clk 0:08:27]} 35. Ng4 {[%clk 0:02:26]} e2 {[%clk 0:08:29]} 36. Qf2
{[%clk 0:02:14]} d3 {[%clk 0:08:18]} 37. Nh6+ {[%clk 0:02:29]} Bxh6
{[%clk 0:08:05]} 38. gxh6 {[%clk 0:02:59]} c3 {[%clk 0:07:00]} 39. Qd4
{[%clk 0:03:08]} Qxg2+ {[%clk 0:04:22]} 40. Rxg2 {[%clk 0:33:33]} e1=Q+
{[%clk 0:34:45]} 41. Kh2 {[%clk 0:34:01]} Qe7 {[%clk 0:35:02]} 42. Rf2
{[%clk 0:32:36]} Nc5 {[%clk 0:32:51]} 43. Qc4+ {[%clk 0:12:30]} Ne6
{[%clk 0:32:24]} 44. bxc3 {[%clk 0:08:41]} bxc3 {[%clk 0:32:38]} 45. Qxd3
{[%clk 0:05:06]} Qxh4+ {[%clk 0:32:41]} 46. Kg1 {[%clk 0:05:29]} Qh1#
{[%clk 0:33:06]} 0-1

[Event "WYCC Girls 12"]
[Site "Porto Carras"]
[Date "2015.10.31"]
[Round "6.7"]
[White "Ning, Kaiyu"]
[Black "Lakshmi, C"]
[Result "0-1"]
[BlackElo "1733"]
[WhiteElo "1768"]
[LiveChessVersion "1.4.6"]

1. e4 {[%clk 1:30:56]} c5 {[%clk 1:30:40]} 2. Nc3 {[%clk 1:31:07]} Nc6
{[%clk 1:30:36]} 3. g3 {[%clk 1:31:18]} g6 {[%clk 1:30:29]} 4. Bg2
{[%clk 1:31:41]} Bg7 {[%clk 1:30:37]} 5. Nge2 {[%clk 1:32:00]} d6
{[%clk 1:28:41]} 6. d3 {[%clk 1:32:04]} e6 {[%clk 1:28:16]} 7. Be3
{[%clk 1:31:07]} Nd4 {[%clk 1:24:04]} 8. Qd2 {[%clk 1:31:02]} h6 {[%clk 1:20:01]}
9. Nd1 {[%clk 1:28:45]} Ne7 {[%clk 1:09:18]} 10. c3 {[%clk 1:27:35]} Nxe2
{[%clk 1:06:44]} 11. Qxe2 {[%clk 1:27:24]} O-O {[%clk 1:04:23]} 12. O-O
{[%clk 1:27:43]} Rb8 {[%clk 0:57:32]} 13. f4 {[%clk 1:25:17]} b5 {[%clk 0:41:53]}
14. Qd2 {[%clk 1:23:31]} Kh7 {[%clk 0:40:44]} 15. d4 {[%clk 1:22:38]} cxd4
{[%clk 0:38:09]} 16. cxd4 {[%clk 1:22:39]} b4 {[%clk 0:34:35]} 17. Nf2
{[%clk 1:21:03]} a5 {[%clk 0:31:49]} 18. Rfc1 {[%clk 1:18:18]} Bb7
{[%clk 0:28:47]} 19. Rc2 {[%clk 1:17:30]} Qd7 {[%clk 0:25:28]} 20. a3
{[%clk 1:14:46]} b3 {[%clk 0:23:56]} 21. Rc3 {[%clk 1:14:40]} a4 {[%clk 0:23:27]}
22. Rac1 {[%clk 1:13:49]} Rfc8 {[%clk 0:23:23]} 23. Bf1 {[%clk 1:09:52]} Rxc3
{[%clk 0:21:05]} 24. Rxc3 {[%clk 1:10:12]} Rc8 {[%clk 0:21:16]} 25. Rxc8
{[%clk 1:09:12]} Nxc8 {[%clk 0:20:57]} 26. Qb4 {[%clk 1:09:21]} Bc6
{[%clk 0:20:45]} 27. Qa5 {[%clk 1:02:26]} Ne7 {[%clk 0:20:25]} 28. Bg2
{[%clk 0:55:56]} d5 {[%clk 0:16:13]} 29. e5 {[%clk 0:55:51]} Nf5 {[%clk 0:16:15]}
30. Qc3 {[%clk 0:54:48]} h5 {[%clk 0:15:40]} 31. Bd2 {[%clk 0:53:39]} Bb5
{[%clk 0:15:09]} 32. Qc5 {[%clk 0:51:41]} Qc6 {[%clk 0:13:23]} 33. Bf1
{[%clk 0:39:37]} Qxc5 {[%clk 0:12:15]} 34. dxc5 {[%clk 0:40:02]} Bxf1
{[%clk 0:08:57]} 35. Kxf1 {[%clk 0:40:27]} Nd4 {[%clk 0:08:20]} 36. Bb4
{[%clk 0:38:43]} Nc6 {[%clk 0:08:28]} 37. Nd3 {[%clk 0:38:50]} Bf8
{[%clk 0:07:40]} 38. Ke2 {[%clk 0:38:19]} Be7 {[%clk 0:07:25]} 39. Kd2
{[%clk 0:37:45]} Kg8 {[%clk 0:07:07]} 40. Nf2 {[%clk 1:07:16]} Kf8
{[%clk 0:34:23]} 41. Nd1 {[%clk 1:07:41]} f6 {[%clk 0:24:59]} 42. Nc3
{[%clk 1:05:46]} fxe5 {[%clk 0:24:32]} 43. Nxa4 {[%clk 1:04:28]} exf4
{[%clk 0:22:10]} 44. gxf4 {[%clk 1:04:49]} g5 {[%clk 0:22:33]} 45. Ke3
{[%clk 1:04:04]} Bf6 {[%clk 0:18:31]} 46. Bd2 {[%clk 1:00:15]} gxf4+
{[%clk 0:18:04]} 47. Kxf4 {[%clk 1:00:41]} e5+ {[%clk 0:18:25]} 48. Kf5
{[%clk 1:00:35]} Kf7 {[%clk 0:18:45]} 49. Bc3 {[%clk 0:56:08]} Ne7#
{[%clk 0:19:09]} 0-1

[Event "WYCC Girls 12"]
[Site "Porto Carras"]
[Date "2015.10.31"]
[Round "6.8"]
[White "Nurgali, Nazerke"]
[Black "Vuller, Anastasia"]
[Result "1-0"]
[BlackElo "1690"]
[WhiteElo "1841"]
[LiveChessVersion "1.4.6"]

1. d4 {[%clk 1:30:42]} Nf6 {[%clk 1:30:53]} 2. Nf3 {[%clk 1:30:57]} g6
{[%clk 1:31:15]} 3. c4 {[%clk 1:31:13]} Bg7 {[%clk 1:31:40]} 4. Nc3
{[%clk 1:31:27]} d5 {[%clk 1:31:59]} 5. cxd5 {[%clk 1:31:27]} Nxd5
{[%clk 1:32:23]} 6. e3 {[%clk 1:31:24]} O-O {[%clk 1:32:02]} 7. Bc4
{[%clk 1:30:53]} Nf6 {[%clk 1:24:30]} 8. O-O {[%clk 1:29:07]} c5 {[%clk 1:23:35]}
9. Qe2 {[%clk 1:23:08]} Bg4 {[%clk 1:21:17]} 10. Rd1 {[%clk 1:18:43]} Nc6
{[%clk 1:20:14]} 11. h3 {[%clk 1:09:59]} Bxf3 {[%clk 1:19:04]} 12. Qxf3
{[%clk 1:10:04]} cxd4 {[%clk 1:18:14]} 13. exd4 {[%clk 1:08:17]} Nxd4
{[%clk 1:15:07]} 14. Qxb7 {[%clk 1:07:19]} Rc8 {[%clk 1:11:53]} 15. Ba6
{[%clk 0:59:24]} Rc7 {[%clk 1:09:06]} 16. Rxd4 {[%clk 0:56:20]} Nd7
{[%clk 1:07:56]} 17. Qe4 {[%clk 0:55:17]} Bxd4 {[%clk 1:07:10]} 18. Qxd4
{[%clk 0:55:35]} Nc5 {[%clk 1:03:43]} 19. Qxd8 {[%clk 0:53:06]} Rxd8
{[%clk 1:04:05]} 20. Be2 {[%clk 0:52:47]} Nd3 {[%clk 1:02:57]} 21. Bxd3
{[%clk 0:52:22]} Rxd3 {[%clk 1:03:20]} 22. Kf1 {[%clk 0:50:37]} f5
{[%clk 0:59:35]} 23. Be3 {[%clk 0:48:20]} a6 {[%clk 0:55:00]} 24. Ke2
{[%clk 0:47:47]} Rdd7 {[%clk 0:52:48]} 25. Rd1 {[%clk 0:46:17]} e5
{[%clk 0:51:24]} 26. g3 {[%clk 0:43:27]} Kf7 {[%clk 0:50:29]} 27. Rxd7+
{[%clk 0:42:18]} Rxd7 {[%clk 0:50:53]} 28. b4 {[%clk 0:42:26]} Ke6
{[%clk 0:44:49]} 29. Na4 {[%clk 0:40:28]} Rd6 {[%clk 0:44:14]} 30. Nc5+
{[%clk 0:40:09]} Ke7 {[%clk 0:40:16]} 31. a4 {[%clk 0:34:58]} Ke8
{[%clk 0:36:00]} 32. a5 {[%clk 0:34:36]} Kf7 {[%clk 0:34:56]} 33. b5
{[%clk 0:31:42]} axb5 {[%clk 0:30:33]} 34. a6 {[%clk 0:31:38]} Ke8
{[%clk 0:30:21]} 35. a7 {[%clk 0:31:42]} Rd8 {[%clk 0:30:45]} 36. Na6
{[%clk 0:31:38]} Kd7 {[%clk 0:30:59]} 37. Nb8+ {[%clk 0:31:49]} 1-0

[Event "WYCC Girls 12"]
[Site "Porto Carras"]
[Date "2015.10.31"]
[Round "6.9"]
[White "Berdnyk, Mariia"]
[Black "Bui, Ngoc Han Julia"]
[Result "1-0"]
[BlackElo "1620"]
[WhiteElo "1822"]
[LiveChessVersion "1.4.6"]

1. c4 {[%clk 1:30:58]} c5 {[%clk 1:30:44]} 2. Nc3 {[%clk 1:31:23]} Nf6
{[%clk 1:29:16]} 3. g3 {[%clk 1:31:23]} d5 {[%clk 1:27:26]} 4. cxd5
{[%clk 1:31:25]} Nxd5 {[%clk 1:27:33]} 5. Bg2 {[%clk 1:31:47]} Nc7
{[%clk 1:26:26]} 6. Nf3 {[%clk 1:29:49]} Nc6 {[%clk 1:24:37]} 7. d3
{[%clk 1:26:12]} e5 {[%clk 1:19:39]} 8. Be3 {[%clk 1:21:35]} Bd7 {[%clk 1:09:14]}
9. Rc1 {[%clk 1:08:04]} f6 {[%clk 1:06:18]} 10. Ne4 {[%clk 1:04:39]} b6
{[%clk 1:05:13]} 11. Nfd2 {[%clk 0:57:25]} Nd5 {[%clk 0:58:18]} 12. Nd6+
{[%clk 0:54:55]} Bxd6 {[%clk 0:57:14]} 13. Bxd5 {[%clk 0:55:21]} Rc8
{[%clk 0:54:36]} 14. Nc4 {[%clk 0:50:16]} Bb8 {[%clk 0:50:57]} 15. Qb3
{[%clk 0:46:55]} Bh3 {[%clk 0:43:49]} 16. Bf7+ {[%clk 0:38:04]} Ke7
{[%clk 0:36:55]} 17. Bh5 {[%clk 0:34:21]} Bg2 {[%clk 0:29:39]} 18. Rg1
{[%clk 0:23:11]} Bd5 {[%clk 0:28:49]} 19. Qa3 {[%clk 0:20:38]} Nd4
{[%clk 0:22:59]} 20. Bg4 {[%clk 0:17:48]} Be6 {[%clk 0:19:58]} 21. Bxe6
{[%clk 0:17:10]} Nxe6 {[%clk 0:20:26]} 22. Bd2 {[%clk 0:15:22]} Kf7
{[%clk 0:18:56]} 23. Qb3 {[%clk 0:14:00]} Qd7 {[%clk 0:18:18]} 24. a4
{[%clk 0:11:09]} Rhd8 {[%clk 0:17:19]} 25. f4 {[%clk 0:10:32]} exf4
{[%clk 0:16:21]} 26. gxf4 {[%clk 0:10:13]} Kf8 {[%clk 0:15:13]} 27. Ne3
{[%clk 0:06:17]} Nxf4 {[%clk 0:13:15]} 28. Ng4 {[%clk 0:05:43]} Qe6
{[%clk 0:11:42]} 29. Qxe6 {[%clk 0:05:13]} Nxe6 {[%clk 0:12:08]} 30. Rg2
{[%clk 0:03:52]} Nd4 {[%clk 0:10:43]} 31. Rc4 {[%clk 0:03:17]} Rd7
{[%clk 0:09:51]} 32. b4 {[%clk 0:02:20]} Bd6 {[%clk 0:09:19]} 33. bxc5
{[%clk 0:02:18]} bxc5 {[%clk 0:08:10]} 34. Bc3 {[%clk 0:01:37]} Rcc7
{[%clk 0:08:06]} 35. e3 {[%clk 0:01:11]} Nf3+ {[%clk 0:07:34]} 36. Ke2
{[%clk 0:01:15]} Ng5 {[%clk 0:07:18]} 37. h4 {[%clk 0:01:09]} Ne6
{[%clk 0:07:09]} 38. Re4 {[%clk 0:01:10]} Re7 {[%clk 0:06:21]} 39. Rf2
{[%clk 0:00:51]} Bg3 {[%clk 0:05:30]} 40. Rf5 {[%clk 0:30:43]} Bxh4
{[%clk 0:34:23]} 41. Be5 {[%clk 0:21:30]} Rc6 {[%clk 0:24:57]} 42. d4
{[%clk 0:17:53]} cxd4 {[%clk 0:22:37]} 43. exd4 {[%clk 0:15:20]} Ke8
{[%clk 0:18:04]} 44. d5 {[%clk 0:10:37]} fxe5 {[%clk 0:16:15]} 45. Nxe5
{[%clk 0:06:19]} Bf6 {[%clk 0:12:34]} 46. dxc6 {[%clk 0:06:07]} Nd4+
{[%clk 0:11:04]} 47. Rxd4 {[%clk 0:06:31]} Bxe5 {[%clk 0:08:44]} 48. Re4
{[%clk 0:06:47]} Bd6 {[%clk 0:08:31]} 49. Kd3 {[%clk 0:04:07]} g6
{[%clk 0:06:55]} 50. Rxe7+ {[%clk 0:03:53]} Kxe7 {[%clk 0:07:00]} 51. Ra5
{[%clk 0:04:12]} Bb8 {[%clk 0:06:10]} 52. Rd5 {[%clk 0:04:22]} Bd6
{[%clk 0:05:48]} 53. Ke4 {[%clk 0:04:22]} Ke6 {[%clk 0:05:23]} 54. Kd4
{[%clk 0:03:12]} h6 {[%clk 0:05:29]} 55. Rb5 {[%clk 0:03:15]} Bg3
{[%clk 0:04:44]} 56. Rb3 {[%clk 0:02:54]} Bf4 {[%clk 0:04:18]} 57. Kc5
{[%clk 0:02:24]} h5 {[%clk 0:03:46]} 58. Rd3 {[%clk 0:01:44]} g5 {[%clk 0:03:53]}
59. Rd7 {[%clk 0:01:14]} h4 {[%clk 0:03:45]} 60. Rh7 {[%clk 0:01:17]} Bd6+
{[%clk 0:02:05]} 61. Kd4 {[%clk 0:01:22]} Be5+ {[%clk 0:02:00]} 62. Ke4
{[%clk 0:01:40]} 1-0